000 00904nam a2200289 a 4500
001 000003586
005 20200929150507.0
008 960529s1998 sp 000 f spa d
020 _a8408024493
040 _aDO-SdBNP
_bspa
_cBNPHU
041 1 7 _aspa
_heng
_2Código de idioma Marc
082 _a813.54
_bC587ó
100 1 _aClancy, Tom,
_d1947-
_910904
240 1 0 _aExecutive orders.
_lEspañol
245 1 0 _aÓrdenes ejecutivas /
_cTom Clancy; traducción de Víctor Pozanco.
260 _aBarcelona :
_bPlaneta,
_c1998.
300 _av. ;
_c24 cm.
490 1 _aBetseller mundial
534 _aTítulo original:
_tExecutive orders.
500 _aLa biblioteca sólo posee el volumen 2.
650 4 _aNovela estadounidense
_9262
650 4 _aLiteratura estadounidense
_9263
700 1 _aPozanco, Víctor,
_etr.
_98952
830 0 _aBetseller mundial
_911050
910 _aWM
049 _aBNGR
999 _c3410
_d3410